000 01032cam a22001934a 4500
005 20250605164205.0
008 250528s ||||||||||||||||||||||||d
035 _a19908
020 _a960351425
040 _aGR-AtMCL
_bgre
_dGR-AtMCL
_eAACR2
245 1 _aΑντικειμενοστρεφής Προγραμματισμός / C++ Visual C++: Εφαρμογές σε Microsoft Visual Studio. Net
260 _bΣταμούλης Α,
_c2002
300 _a488
520 _aΑυτο το πανεπιστημιακό σύγγραμμα είναι εισαγωγικό στις γλώσσες προγραμματισμού Microsoft Visual C++. Βασικές αρχές, Εντολές, Τελεστές, Προεπεξεργαστής, Δουλεύοντας με αρχεία, Συναρτήσεις βιβλιοθήκης, Αντικειμενοστρεφής Τεχνολογία.
700 1 _aΠαναγιωτόπουλος Ιωάννης Χρήστος Π
_96062
942 _cBK
999 _c5150
_d5150